| 000 | 00567nam a2200205 a 4500 | ||
|---|---|---|---|
| 005 | 20210219153303.0 | ||
| 008 | 991125n 000 0 u | ||
| 035 | _aUPN01000088626 | ||
| 100 | 1 | _aDuffy, Michael | |
| 222 | _aCOUNSELOR EDUCATION AND SUPERVISION | ||
| 245 | _aA multimethod model for practicum and clinical supervision in nurshing homes | ||
| 300 | _a61-69 | ||
| 362 | 0 | _a1992 Vol. 32, no. 1 | |
| 653 | 0 | _aADULTO MAYOR | |
| 653 | 0 | _aCASA DE REPOSO | |
| 653 | 0 | _aASESORES | |
| 653 | 0 | _aSUPERVISION | |
| 904 |
_aAC _b026437 |
||
| 905 | _aArticulo | ||
| 999 |
_c73126 _d73126 |
||